Science Quiz

Random Science or Clickable Quiz

Planet Consonants Quiz Stats

Quiz Updated Sep 21, 2017

Also try: What Planet...
Challenge
Share
Tweet
Embed
Score 0/10 Timer 00:30
0 Plays Today
% Correct
???
90.9%
???
89.4%
???
88.4%
???
87.9%
???
87%
???
82.8%
???
79.1%
???
74.3%
???
71.5%
???
67.5%

You're not logged in!

Compare scores with friends on all Sporcle quizzes.
Join for Free
OR
Log In

You Might Also Like...

Show Comments

Extras

Top Quizzes Today


Score Distribution

Your Account Isn't Verified!

In order to create a playlist on Sporcle, you need to verify the email address you used during registration. Go to your Sporcle Settings to finish the process.

Report this User

Report this user for behavior that violates our Community Guidelines.

Details: